LEADER 01529nam0 22003013i 450 001 VAN0109870 005 20221214095855.807 010 $a978-88-15-24516-8 100 $a20170614d2013 |0itac50 ba 101 $aeng 102 $aIT 105 $a|||| ||||| 200 1 $aDemocracy and subsidiarity in the EU$enational parliaments, regions and civil society in the decision-making process$fedited by Marta Cartabia, Nicola Lupo, Andrea Simoncini 210 $aBologna$cIl mulino$d2013 215 $a506 p.$d22 cm. 410 1$1001VAN0103542$12001 $aPercorsi. Diritto$1210 $aBologna$cil Mulino. 620 $dBologna$3VANL000003 702 1$aCartabia$bMarta$3VANV000055 702 1$aLupo$bNicola$3VANV005414 702 1$aSimoncini$bAndrea$3VANV003900 712 $aIl Mulino $3VANV107886$4650 801 $aIT$bSOL$c20230616$gRICA 856 4 $u/sebina/repository/catalogazione/documenti/Democracy and subsidiarity in the EU - national parliaments, regions and civil society in the decision-making process.pdf$zDemocracy and subsidiarity in the EU - national parliaments, regions and civil society in the decision-making process.pdf 899 $aBIBLIOTECA DEL DIPARTIMENTO DI SCIENZE POLITICHE JEAN MONNET$1IT-CE0182$2VAN04 912 $aVAN0109870 950 $aBIBLIOTECA DEL DIPARTIMENTO DI SCIENZE POLITICHE JEAN MONNET$d04CONS IV.H.b.42 $e04OMA425 20170614 996 $aDemocracy and subsidiarity in the EU$9835372 997 $aUNICAMPANIA LEADER 01962nam0 22004333i 450 001 VAN00274941 005 20240806101541.162 017 70$2N$a9783030627324 100 $a20240415d2021 |0itac50 ba 101 $aeng 102 $aCH 105 $a|||| ||||| 200 1 $aMathematical Modeling, Simulation and Optimization for Power Engineering and Management$fSimone Göttlich, Michael Herty, Anja Milde editors 210 $aCham$cSpringer$d2021 215 $axv, 325 p.$cill.$d24 cm 410 1$1001VAN00067048$12001 $aMathematics in industry$1210 $aBerlin [etc.]$cSpringer$d2002-$v34 606 $a00B15$xCollections of articles of miscellaneous specific interest [MSC 2020]$3VANC023985$2MF 606 $a00B30$xFestschriften [MSC 2020]$3VANC022532$2MF 606 $a93-XX$xSystems theory; control [MSC 2020]$3VANC027040$2MF 610 $aControl$9KW:K 610 $aEnergy systems$9KW:K 610 $aMathematical MSO for Power Engineering and Management$9KW:K 610 $aMathematical modeling$9KW:K 610 $aOptimization$9KW:K 610 $aPower Engineering$9KW:K 610 $aSimulation$9KW:K 620 $aCH$dCham$3VANL001889 702 1$aGöttlich$bSimone$3VANV227410 702 1$aHerty$bMichael$3VANV227411 702 1$aMilde$bAnja$3VANV096397 712 $aSpringer $3VANV108073$4650 801 $aIT$bSOL$c20250131$gRICA 856 4 $uhttps://doi.org/10.1007/978-3-030-62732-4$zE-book ? Accesso al full-text attraverso riconoscimento IP di Ateneo, proxy e/o Shibboleth 899 $aBIBLIOTECA DEL DIPARTIMENTO DI MATEMATICA E FISICA$1IT-CE0120$2VAN08 912 $fN 912 $aVAN00274941 950 $aBIBLIOTECA DEL DIPARTIMENTO DI MATEMATICA E FISICA$d08DLOAD e-book 8311 $e08eMF8311 20240430 996 $aMathematical modeling, simulation and optimization for power engineering and management$92831295 997 $aUNICAMPANIA